000 00681nam a2200181 a 4500
003 AM-YeHGA
005 20250707095230.0
008 170919s1908 ru b||||r|||||00||0|rus||
040 _aAM-YeHGA
041 0 _arus
100 1 _aВиппер, Роберт Юрьевич
245 1 0 _aОчерки истории Римской империи /
_cР. Виппер.
246 1 _aОчерки исторiи Римской имперiи
260 _aМосква :
_bТипо-литогр. Т-ва И.Н. Кушнеревъ и К.,
_c1908.
300 _aV, 406 с. :
_b[2] л. карт. ;
_c23 см.
650 1 4 _aИстория
_zРимская империя
942 _2udc
_cBK
999 _c423532
_d423532